Nguyễn Huy Tưởng về tác gia tác phẩm

Uloženo v:
Podrobná bibliografie
Hlavní autor: Nguyễn, Huy Tưởng
Médium: Kniha
Jazyk:Undetermined
Vydáno: Hà Nội Giáo dục 2007
Témata:
Tagy: Přidat tag
Žádné tagy, Buďte první, kdo otaguje tento záznam!
Thư viện lưu trữ: Trung tâm Học liệu Trường Đại học Cần Thơ
LEADER 00679nam a2200205Ia 4500
001 CTU_131777
008 210402s9999 xx 000 0 und d
020 |c 139000 
082 |a 809 
082 |b T561 
100 |a Nguyễn, Huy Tưởng 
245 0 |a Nguyễn Huy Tưởng về tác gia tác phẩm 
245 0 |c Nguyễn Huy Tưởng; Bích Thu, Tôn Thảo Miên tuyển chọn và giới thiệu 
260 |a Hà Nội 
260 |b Giáo dục 
260 |c 2007 
650 |a Văn học Việt Nam 
650 |x Lịch sử và phê bình 
904 |i Tuyến 
980 |a Trung tâm Học liệu Trường Đại học Cần Thơ